Statistics for 2-Word Capitals

Click here to take the quiz!

General Stats

  • This quiz has been taken 256 times
  • The average score is 16 of 24

Answer Stats

2-word capital% Correct
Mexico City
86%
Guatemala City
80%
Panama City
80%
San Marino
75%
Vatican City
75%
Buenos Aires
74%
New Delhi
71%
Port Louis
71%
Port Moresby
71%
Santo Domingo
71%
Kuwait City
65%
La Paz
64%
San Salvador
64%
San Jose
62%
Abu Dhabi
61%
Cape Town
61%
Port Vila
60%
Sao Tome
59%
Phnom Penh
58%
Kuala Lumpur
55%
St.John's
55%
Addis Ababa
54%
Porto Novo
54%
St.George 's
54%

Score Distribution

Percentile by Number Answered

Percent of People with Each Score

Your Score History

You have not taken this quiz